All Boeing 747 Variants - Statistics

General Stats
  • This quiz has been taken 298 times
  • The average score is 10 of 24
Answer Stats
Hint Answer % Correct
747 747-100
94%
747 747-400
92%
747 747-300
84%
747 747-8I
70%
747 747SP
69%
747 747-8F
58%
747 747-400F
53%
747 747-400ER
52%
747 747-200F
45%
747 747-200B
36%
747 747-100B
34%
747 747-200C
34%
747 747-100SR
31%
747 747-400D
29%
747 747-400ERF
29%
747 747-200M
28%
747 747-400M
28%
747 747-300M
25%
747 747-400BCF
21%
747 747-300SR
16%
747 747-300D
10%
747 747LCF
7%
747 747 E-4B
4%
747 747 E-4A
3%
No matching quizzes found
Score Distribution
Percent of People with Each Score
Percentile by Number Answered
Your Score History
You have not taken this quiz